4-Letter Clickagrams Quiz Stats

Quiz Updated Mar 18, 2015

Challenge
Share
Tweet
Score 0/30 Timer 03:00
0 Plays Today
% Correct
loop
88.3%
brag
87.9%
drab
86.2%
kale
85.9%
laws
84.1%
mode
82.7%
abut
81.5%
hose
80.2%
anew
80.1%
came
79.1%
wolf
78.3%
male
77.6%
read
76.5%
stew
76.5%
elan
76.3%
% Correct
scar
75.7%
paws
75.4%
sway
75%
rite
74.6%
dose
72.5%
lisp
72.4%
lost
71.7%
neap
70.8%
hear
70.7%
race
68.9%
mast
67.5%
posh
67.4%
peas
65.5%
dues
60.5%
seam
58.2%

You're not logged in!

Compare scores with friends on all Sporcle quizzes.
Join for Free
OR
Log In

You Might Also Like...

Show Comments

Extras

Top Quizzes Today


Score Distribution

Your Account Isn't Verified!

In order to create a playlist on Sporcle, you need to verify the email address you used during registration. Go to your Sporcle Settings to finish the process.

Report this User

Report this user for behavior that violates our Community Guidelines.

Details: